LEADER 01167nam a2200265 u 4500 001 000000058658 003 CaOOAMICUS 005 20070226120721.0 008 010611s2000 it u000 u ita u 020 $a8814081093 035 $a10892105 040 $aPUL$bita 100 1 $aPetrelli, Gaetano.$0(OLS)http://pul/name/40655 245 13$aLa condizione "elemento essenziale" del negozio giuridico :$bteoria generale e profili applicativi /$cGaetano Petrelli. 260 $aMilano :$bA. Giuffrè,$c2000. 300 $axi, 557 p. ;$c25 cm 504 $aBibliografia in nota. 650 4$aNegozi giuridici.$0(OLS)http://pul/subject/19298 850 $aPUL 852 $aPUL$W1$xDP2 Diritto e Scienze Sociali 3$y110$m346. 4502 PETGA 1$j175127$nBK-PRI$b $qDDC 21$B76607$CPULBib$Z2$F76607 $H84622 $81 941 1 $a9 961 $aPrecedente collocazione: DCiv 32 996 $6020$a8814081093$9(OLS)http://pul/number/74402 996 $6245$aLa condizione "elemento essenziale" del negozio giuridico :$bteoria generale e profili applicativi$9(OLS)http://pul/title/78583 996 $6260$aMilano :$bA. Giuffrè$9(OLS)http://pul/publisher/48096 LEADER 00956nam a2200253 u 4500 001 000000059685 003 CaOOAMICUS 005 20070226120828.0 008 010704s1932 gw u000 u ger u 035 $a10895498 040 $aPUL(R)$bita 100 1 $aJaspers, Karl,$d1883-1969.$0(OLS)http://pul/name/6455 245 10$aMetaphysik /$cKarl Jaspers. 260 $aBerlin :$bJulius Springer,$c1932. 300 $a237 p.; ;$c23 cm 490 1 $aPhilosophie ;$v3 500 $aContiene indice. 650 4$aMetafisica.$0(OLS)http://pul/subject/433 830 0$a(Philosophie) Springer ;$v3.$0(OLS)http://pul/title/79893 850 $aPUL 852 $aPUL$W1$xSL Filosofia 2$y80$mPhil D4 51.3$j77820$nBK-PRI$b $qStampati altre collocazioni$B77820$CPULBib$Z2$F77820 $H $81 941 1 $a10 996 $6245$aMetaphysik$9(OLS)http://pul/title/72182 996 $6260$aBerlin :$bJulius Springer$9(OLS)http://pul/publisher/69841 LEADER 01252nam a2200313 a 4500 001 000000138063 003 CaOOAMICUS 005 20140408142824.0 008 140408s2013 it u000 u ita r 020 $a978-88-13-32777-4 040 $aPUL$bita 082 04$a346.45 100 1 $aZatti, Paolo.$0(OLS)http://pul/name/5978 245 10$aLineamenti di diritto privato /$cPaolo Zatti, Vittorio Colussi ; con la collaborazione di Arianna Fusaro. 250 $a14. ed. 260 $aPadova :$bCEDAM,$c2013. 300 $aXX, 1115 p. ;$c24 cm 500 $aInclude indici. 650 4$aDiritto privato$zItalia.$0(OLS)http://pul/subject/1235 700 1 $aFusaro, Arianna.$0(OLS)http://pul/name/84318 700 1 $aColussi, Vittorio.$0(OLS)http://pul/name/89062 850 $aPUL 852 $aPUL$W1$xDP2 Diritto e Scienze Sociali 3$y110$m346. 45 ZATPA 3$j159140$qDDC 21$B158688$CPULBib$Z2$F158688 $H123822 $82 941 1 $a9 996 $6020$a978-88-13-32777-4$9(OLS)http://pul/number/155038 996 $6082$a346.45$9(OLS)http://pul/classification/372 996 $6245$aLineamenti di diritto privato$9(OLS)http://pul/title/152321 996 $6260$aPadova :$bCEDAM$9(OLS)http://pul/publisher/48126